01011nam a2200277 i 45000010005000000030009000050050017000140070003000310080041000340200018000750800012000931000028001052450045001332600068001783000030002464900057002765000018003335000015003515040034003666500029004007100065004298300065004948520037005599990015005969520122006117462ES-MaACL20230906145236.0t|910121s1989 fr a |||| | fre d a2-222-04191-0 a7.037.31 aLista, Giovanni.97255713aLa scène futuriste / cGiovanni Lista. aParis : bCentre National de la Recherche Scientifique, c1989. a446 p. : bil. ; c28 cm.1 aArts du spectacle. Spectacles, histoire, société aCronología. aÍndices. aReferencias bibliográficas.14aFuturismo (Arte)91619922 aCentre National de la Recherche Scientifique (Francia)925590 aArts du spectacle. Spectacles, histoire, société9227897 aES-MaACLjL-14707 z- enc. cart. c7462d7462 00104070aATENEOMbATENEOMcDEPO2d2008-01-17eSCl0oL-14707p1007612r2023-02-23 00:00:00w2023-02-23yMONOGRAFIA